Music Quiz

Random Music or Album Quiz

Soda Stereo studio albums Quiz Stats

 Plays Quiz not verified by Sporcle

Challenge
Share
Tweet
Embed
Score 0/7 Timer 02:00
0 Plays Today
Year Album % Correct
1984Soda Stereo
98.6%
1990Cancion Animal
92.9%
1985Nada Personal
91.4%
1995Sueño Stereo
90%
1986Signos
88.6%
1992Dynamo
88.6%
1988Doble Vida
84.3%

You're not logged in!

Compare scores with friends on all Sporcle quizzes.
OR
Log In

You Might Also Like...

Show Comments

Extras

Created Nov 3, 2009ReportNominate
Tags:Album Quiz, soda, stereo, studio

Top Quizzes Today


Score Distribution

Your Account Isn't Verified!

In order to create a playlist on Sporcle, you need to verify the email address you used during registration. Go to your Sporcle Settings to finish the process.

Report this User

Report this user for behavior that violates our Community Guidelines.

Details: